Beginning perl for bio informatics (Record no. 172224)

000 -LEADER
fixed length control field 00337nam a2200121Ia 4500
008 - FIXED-LENGTH DATA ELEMENTS--GENERAL INFORMATION
fixed length control field 220217s9999||||xx |||||||||||||| ||und||
082 ## - DEWEY DECIMAL CLASSIFICATION NUMBER
Classification number 004.21 TIS
100 ## - MAIN ENTRY--PERSONAL NAME
Personal name Tisdall, James
9 (RLIN) 3591
245 #0 - TITLE STATEMENT
Title Beginning perl for bio informatics
260 ## - PUBLICATION, DISTRIBUTION, ETC.
Place of publication, distribution, etc. SPD pvt. Ltd.
Name of publisher, distributor, etc. Mumbai
Date of publication, distribution, etc. 2001
300 ## - PHYSICAL DESCRIPTION
Other physical details 300
650 ## - SUBJECT ADDED ENTRY--TOPICAL TERM
Topical term or geographic name entry element INFORMATION SCIENCE
9 (RLIN) 1300
Holdings
Withdrawn status Lost status Damaged status Not for loan Collection code Home library Current library Shelving location Date acquired Full call number Barcode Date last seen Price effective from Koha item type
        Computer Science and Engineering Central Library Central Library Book Cart 02/18/2022 004.21 TIS 7413 02/18/2022 02/18/2022 Books

Powered by Koha